Lịch sử Việt Nam 1954 - 1975
Quyển sách gồm 5 chương: Xây dựng miền Bắc và đấu tranh chống chế độ thuộc địa của Mỹ ở miền Nam (1954 - 1960); Xây dựng Chủ nghĩa Xã hội ở miền Bắc, chiến đấu chống Chiến tranh đặc biệt của Mỹ ở miền Nam (1961 - 1965); Xây dựng và...
Na minha lista:
| Autor principal: | |
|---|---|
| Formato: | Livro |
| Idioma: | Undetermined |
| Publicado em: |
Hà Nội
Giáo dục Việt Nam
2010
|
| Assuntos: | |
| Tags: |
Adicionar Tag
Sem tags, seja o primeiro a adicionar uma tag!
|
| Thư viện lưu trữ: | Trung tâm Học liệu Trường Đại học Cần Thơ |
|---|
| LEADER | 01633nam a2200205Ia 4500 | ||
|---|---|---|---|
| 001 | CTU_158539 | ||
| 008 | 210402s9999 xx 000 0 und d | ||
| 020 | |c 31000 | ||
| 082 | |a 959.7043 | ||
| 082 | |b L250 | ||
| 100 | |a Nguyễn, Đình Lê | ||
| 245 | 0 | |a Lịch sử Việt Nam 1954 - 1975 | |
| 245 | 0 | |c Nguyễn Đình Lê | |
| 260 | |a Hà Nội | ||
| 260 | |b Giáo dục Việt Nam | ||
| 260 | |c 2010 | ||
| 520 | |a Quyển sách gồm 5 chương: Xây dựng miền Bắc và đấu tranh chống chế độ thuộc địa của Mỹ ở miền Nam (1954 - 1960); Xây dựng Chủ nghĩa Xã hội ở miền Bắc, chiến đấu chống Chiến tranh đặc biệt của Mỹ ở miền Nam (1961 - 1965); Xây dựng và bảo vệ miền Bắc, chống Chiến tranh cục bộ ở miền Nam (1965 - 1968); Khôi phục kinh tế miền Bắc, đoàn kết nhân dân Đông Dương, giành thắng lợi quyết định (1969 - 1973); Khôi phục kinh tế miền Bắc, đoàn kết nhân dân Đông Dương giành thắng lợi quyết định (1969 - 1973); Xây dựng và củng cố miền Bắc, hoàn thành sự nghiệp giải phóng miền Nam (1973 - 1975). Sách được dùng làm tài liệu tham khảo học tập và nghiên cứu cho sinh viên và những ngưòi yêu thích lịch sử. | ||
| 650 | |a History | ||
| 904 | |i HHTrang, Giang (Bé Ba) | ||
| 980 | |a Trung tâm Học liệu Trường Đại học Cần Thơ | ||